| 000 | 00634nam a2200145 a 4500 | ||
|---|---|---|---|
| 001 | 000028454 | ||
| 005 | 20200930054943.0 | ||
| 008 | 110408s1992 dr r 000 0 spa d | ||
| 040 |
_aDO-SdBNP _cBNPHU |
||
| 082 |
_axxxx _bS232d |
||
| 100 | 1 |
_aSantana, Roberto _955414 |
|
| 245 | 1 | 0 |
_aDiscurso pronunciado por el Lic. Roberto Santana en el acto de proclamación oficial de su candidatura a rector de la UASD por el movimiento profesoral de transformación universitaria, 15 de diciembre de 1992 / _cRoberto Santana. |
| 260 |
_aSanto Domingo : _bMovimiento Profecional de Transformación Universitaria, _c1992. |
||
| 300 |
_a11 p. : _b21 cm. |
||
| 999 |
_c27946 _d27946 |
||